Sagrado feminino (Registo nº 32937)
[ vista simples ]
| 000 -Etiqueta do registo | |
|---|---|
| Valores | 00711nam a2200241 4500 |
| 010 ## - Número ISBN | |
| ISBN | 9789897390678 |
| 021 ## - Número do Depósito Legal | |
| -- | PT |
| Número | 466428/20 |
| 090 ## - | |
| -- | 32937 |
| 100 ## - Dados gerais de processamento | |
| Dados gerais | 20200909d2020 m y0pory50030103ba |
| 101 0# - Língua de publicação | |
| -- | por |
| 102 ## - País de publicação | |
| -- | PT |
| 200 1# - Titulo e menção de responsabilidade | |
| Título próprio | Sagrado feminino |
| Primeira menção de responsabilidade | Inês Gaya |
| Outras menções de responsabilidade | pref. Fátima Lopes |
| 205 ## - Menção da edição | |
| Edição | 1ª. ed. |
| 210 ## - Publicação | |
| Local de publicação | Porto |
| Nome do editor | Albatroz |
| Data de publicação | 2020 |
| 215 ## - Descrição física | |
| Paginação / Volumes | 287 p. |
| Outras indicações físicas | il. |
| Dimensões | 25 cm |
| 675 ## - CDU | |
| Notação | 159.923-055.2(035) |
| Edição | BN |
| Língua | por |
| 675 ## - CDU | |
| Notação | 133.2-055.2(035) |
| Edição | BN |
| Língua | por |
| 700 ## - Autor principal (pessoa individual) | |
| Apelido | Gaya |
| Nome | Inês |
| ID Autoridade | 4531 |
| 702 ## - Autor secundário (pessoa individual) | |
| Apelido | Lopes |
| Nome | Fátima |
| Datas | 1969- |
| -- | 080 |
| ID Autoridade | 350 |
| 801 #0 - Fonte de origem | |
| País | PT |
| Agência | BN |
| Regras de catalogação | RPC |
| 856 41 - Localização e acesso electrónico | |
| URL | <a href="http://rnod.bnportugal.gov.pt/ImagesBN/winlibimg.aspx?skey=&doc=2054502&img=142352&save=true">http://rnod.bnportugal.gov.pt/ImagesBN/winlibimg.aspx?skey=&doc=2054502&img=142352&save=true</a> |
| 990 ## - Elementos KOHA | |
| Tipo de documento | Livro |
| Situação do levantamento | Estado | Biblioteca de origem | Biblioteca de empréstimo | Código de barras | Cota | Permissão de empréstimo | Tipo de documento |
|---|---|---|---|---|---|---|---|
| Completo | Biblioteca Municipal de Viana Do Alentejo | Biblioteca Municipal de Viana Do Alentejo | 0032634 | 159.9 GAY | Disponível | Livro |